书目信息 |
| 题名: |
基础德语教材
|
|
| 作者: | ;北京对外贸易学院德语教研室 编 | |
| 分册: | 第一册 语音、初级教程 | |
| 出版信息: | 北京 商务印书馆 1979 |
|
| 页数: | 160页 | |
| 开本: | 19cm | |
| 丛书名: | ||
| 单 册: | ||
| 中图分类: | H33 | |
| 科图分类: | ||
| 主题词: | 德语--教材 | |
| 电子资源: | ||
| ISBN: | ||
| 000 | 00784nam0 2200265 45 | |
| 001 | 0179001521 | |
| 005 | 20070622084929.01 | |
| 010 | @dCNY0.42 | |
| 091 | @a9017.254 | |
| 100 | @a19950718d1979 em y0chiy0121 ea | |
| 101 | 0 | @achi@ager |
| 102 | @aCN@b110000 | |
| 105 | @ay z 000yy | |
| 106 | @ar | |
| 200 | 10 | @a基础德语教材@Aji chu de yu jiao cai@h第一册@i语音、初级教程@f北京对外贸易学院德语教研室编 |
| 205 | @a2版 | |
| 210 | @a北京@c商务印书馆@d1979 | |
| 215 | @a160页@d19cm | |
| 300 | @a初级教程 | |
| 517 | @a语音、初级教程@AYu Yin、Chu Ji Jiao Cheng | |
| 606 | @a德语@x教材 | |
| 690 | @aH33@v3 | |
| 711 | 02 | @a北京对外贸易学院德语教研室@Abei jing dui wai mao yi xue yuan de yu jiao yan shi@4编 |
| 801 | 0 | @aCN@bNLC@c20070622 |
| 905 | @f2@b48036-037@dH33@e103:1=2 | |
| 基础德语教材.第一册.语音、初级教程/北京对外贸易学院德语教研室编.-2版.-北京:商务印书馆,1979 |
| 160页;19cm |
| 初级教程 |
| ISBN :CNY0.42 |
| ● |
| 相关链接 |
|
|
|
|
正题名:基础德语教材
索取号:H33/103:1=2
 
预约/预借
| 序号 | 登录号 | 条形码 | 馆藏地/架位号 | 状态 | 备注 |
| 1 | 0048036 | 001110452 | 第四借阅区/ [索取号:H33/103:1=2] | 在馆 | |
| 2 | 0048037 | 001110443 | 第四借阅区/ [索取号:H33/103:1=2] | 在馆 |